Statistics for Bosnian diaspora

Click here to take the quiz!

General Stats

  • This quiz has been taken 126 times
  • The average score is 6 of 7

Answer Stats

Answer% Correct
United States
98%
Germany
97%
Austria
84%
Canada
79%
United Kingdom
77%
Australia
73%
Sweden
67%

Score Distribution

Percentile by Number Answered

Percent of People with Each Score

Your Score History

You have not taken this quiz